| 000 | 01810nam a22005777a 4500 | ||
|---|---|---|---|
| 003 | AR-RoUNA | ||
| 005 | 20251006073518.0 | ||
| 008 | 251003b |||||||| |||| 00| 0 spa d | ||
| 020 | _a9788496783843 | ||
| 040 |
_aAR-RoUNA _bspa _dAR-RoUNA |
||
| 041 | _aspa | ||
| 044 | _aag | ||
| 245 | 1 | 0 |
_aGuia visual de la obra completa de Antonio Gaudi / _c fotografias de Giordano Rodriguez y Nicolas Palmisano |
| 250 | _a1a. ed. | ||
| 260 |
_aBarcelona : _bDos Arte Ediciones, S.L, _c2015 |
||
| 300 |
_a239 p.: _bfot. col. _bplanos _c20x18 cm |
||
| 505 | 0 | _tSUMARIO | |
| 505 | 0 | _t01. Antoni Gaudi /p.6 | |
| 505 | 0 | _t02. Casa Vicens /p.14 | |
| 505 | 0 | _t03. El Capricho /p.26 | |
| 505 | 0 | _t04. Sagrada Familia /p.40 | |
| 505 | 0 | _t05. Finca Guell /p.66 | |
| 505 | 0 | _t06. Palacio Guell /p.76 | |
| 505 | 0 | _t07. Palacio Episcopal /p.92 | |
| 505 | 0 | _t08. Colegio Teresiano /p.104 | |
| 505 | 0 | _t09. Casa Botines /p.116 | |
| 505 | 0 | _t10. Bodegas Guell /p.128 | |
| 505 | 0 | _t11. Casa Calvet /p.138 | |
| 505 | 0 | _t12. Cripta Guell /p.148 | |
| 505 | 0 | _t13. Torre Bellesguard /p.160 | |
| 505 | 0 | _t14. Park Guell /p.170 | |
| 505 | 0 | _t15. Jardines Artigas /p.188 | |
| 505 | 0 | _t16. Catedral de Mallorca /p.196 | |
| 505 | 0 | _t17. Casa Batllo /p.208 | |
| 505 | 0 | _t18. La Pedrera /p.224 | |
| 600 | 0 |
_91378 _aGaudí, Antoni _d1852-1926 |
|
| 650 | 4 | _aArquitectura española | |
| 650 | 4 | _aHistoria | |
| 650 | 4 | _aModernismo | |
| 650 | 4 | _aArtistas españoles | |
| 650 | 4 | _aPlanos | |
| 650 | 4 | _aSimbologia | |
| 651 | 4 |
_aEspaña _92108 |
|
| 700 | 1 |
_aRodriguez, Giordano _927485 |
|
| 700 | 1 |
_aPalmisano, Nicolas _927486 |
|
| 908 | _aImp | ||
| 930 | _e12254 | ||
| 942 |
_2ddc _cLIB |
||
| 945 |
_aMIA _d2025-10-03 |
||
| 980 |
_61 _aMaricel Allasia _85 _gMaría Machado |
||
| 999 |
_c12158 _d12158 |
||